Čas pre verejnú správu 2.0 ?
Verejná správa 2.0 je verejná správa nového štandardu, ktorý rešpektuje súčasný stav potrieb a možností spoločnosti. Možno ju označiť za ďalšiu reformu. Výsledkom by mala byť efektívna a funkčná verejná správa. Ako prejsť na štandard 2.0. Prostredie, ktoré má verejná správa ovplyvňovať a funkcie, kt...
Salvato in:
| Autore principale: | |
|---|---|
| Natura: | Capitolo di libro |
| Lingua: | slovacco |
| Soggetti: | |
| Tags: |
Nessun Tag, puoi essere il primo ad aggiungerne!!
|
MARC
| LEADER | 00000nla$a2200000$$$4500 | ||
|---|---|---|---|
| 001 | 0109448 | ||
| 005 | 20240502083254.6 | ||
| 041 | 0 | |a slo | |
| 044 | |a CZ | ||
| 245 | 1 | 0 | |a Čas pre verejnú správu 2.0 ? |c Tomáš Černěnko |
| 520 | |a Verejná správa 2.0 je verejná správa nového štandardu, ktorý rešpektuje súčasný stav potrieb a možností spoločnosti. Možno ju označiť za ďalšiu reformu. Výsledkom by mala byť efektívna a funkčná verejná správa. Ako prejsť na štandard 2.0. Prostredie, ktoré má verejná správa ovplyvňovať a funkcie, ktoré má vykonávať sa zmenili v podstatne väčšej miere ako ona sama. Potreba zmeny architektúry verejnej správy. Funkcie manažmentu v jednotlivých konceptoch verejnej správy. | ||
| 610 | 2 | 0 | |a správa verejná |
| 610 | 2 | 0 | |a správa verejná elektronická |
| 610 | 2 | 0 | |a manažment |
| 610 | 2 | 0 | |a štandardizácia |
| 100 | 1 | |a Černěnko, Tomáš, 1981- | |